[Event "16th Donau Open"]
[Site "Aschach Donau AUT"]
[Date "2007.12.31"]
[Round "7"]
[White "Sadilek,P"]
[Black "Obermayr,H"]
[Result "1-0"]
[WhiteElo "2075"]
[BlackElo "2175"]

1.e4 e6 2.d4 d5 3.Nc3 Nf6 4.e5 Nfd7 5.Nce2 c5 6.c3 Nc6 7.a3 a5 8.Nf3 Be7
9.Nf4 a4 10.h4 cxd4 11.cxd4 Nb6 12.Ng5 Nc4 13.Bd3 Qa5+ 14.Kf1 Bd7 15.Bxc4 dxc4
16.d5 Nd8 17.Bd2 Qb5 18.Bc3 Bxg5 19.hxg5 g6 20.Qf3 Qb3 21.Ne2 f5 22.exf6 Kf7
23.Re1 Qc2 24.Qg3 Ra6 25.Qc7 Ke8 26.Qc5  1-0

[Event "ch-CUB"]
[Site "Santa Clara CUB"]
[Date "2008.01.08"]
[Round "1"]
[White "Hevia,A"]
[Black "Borges Mateos,J"]
[Result "0-1"]
[WhiteElo "2308"]
[BlackElo "2448"]

1.e4 e6 2.d4 d5 3.Nc3 Nf6 4.e5 Nfd7 5.f4 c5 6.Nf3 Nc6 7.Be3 a6 8.Qd2 Be7
9.Be2 O-O 10.O-O b5 11.a3 Bb7 12.Kh1 Rc8 13.dxc5 Bxc5 14.Bxc5 Nxc5 15.Bd3 Qc7
16.Qf2 Ne7 17.Bxh7+ Kxh7 18.Qh4+ Kg8 19.Ng5 Rfd8 20.Qh7+ Kf8 21.Qh8+ Ng8
22.f5 Qxe5 23.fxe6 f5 24.Qh7 Nh6 25.Rae1 Ne4 26.Ncxe4 dxe4 27.Nf7 Nxf7 28.Rxf5 Qxe6
29.Ref1 Rd7 30.Qh8+ Ke7 31.Qxg7 Qxf5  0-1

[Event "ch-BLR"]
[Site "Minsk BLR"]
[Date "2008.01.11"]
[Round "2"]
[White "Fedorov,Alex"]
[Black "Podolchenko,E"]
[Result "1/2-1/2"]
[WhiteElo "2607"]
[BlackElo "2467"]

1.e4 e6 2.d4 d5 3.Nc3 Nf6 4.e5 Nfd7 5.f4 c5 6.Nf3 Nc6 7.Be3 a6 8.Qd2 cxd4
9.Nxd4 Bc5 10.O-O-O O-O 11.Qf2 Qe7 12.Bd3 f6 13.exf6 Rxf6 14.Rhf1 Qf8 15.Nf3 Bd6
16.Ng5 g6 17.Qh4 h6 18.Nf3 Nc5 19.Bxc5 Bxc5 20.Ne5 Ne7 21.Ng4 Rxf4 22.Nxh6+ Kg7
23.Rxf4 Be3+ 24.Kb1 Bxf4 25.Rf1 g5 26.Qh5 Bd7 27.g3 Qe8 28.Qh3 Qh8 29.gxf4 Qxh6
30.Qe3 Rf8 31.Rg1 Qxh2 32.f5 Rf6 33.Qxg5+ Kf7 34.Qg7+ Ke8 35.fxe6 Bxe6 36.Rd1 Qe5
37.Qh8+ Ng8 38.Bh7 Rf5 39.Bg6+ Kf8 40.Qh4 Rf6 41.Qb4+ Ne7 42.Bd3 Bc8 43.a3 Ke8
44.Rh1 Qd6 45.Qd4 Kd8 46.Rh7 Bd7 47.Ka2 Kc8 48.b3 Re6 49.Qh8+ Kc7 50.Qf8 Nc6
51.Qf3 Re5 52.Qf4 Kc8 53.Rh6 Qe7 54.Rh8+ Nd8 55.Qd4 Bc6 56.Bf1 Kc7 57.Bg2 Qg7
58.Rh5 Re7 59.Qf4+ Kb6 60.Qb4+ Ka7 61.Bxd5 Rc7 62.Rh2 Bxd5 63.Nxd5 Rc6 64.Qe4 Re6
65.Qf3 Nc6 66.Rd2 Qg1 67.Qf2+ Qxf2 68.Rxf2 Rd6 69.Ne3 Re6 70.Nc4 Re7 71.Kb2 Nd4
72.Rd2 Nc6 73.a4 Ne5 74.Na3 Nc6 75.Nb1 Kb6 76.Nc3 Rh7 77.Rg2 Ka7 78.Nd5 Ne7
79.Ne3 Nc6 80.Rg5 Rh3 81.Nc4 Rh2 82.a5 Nd4 83.Na3 Nc6 84.Rc5 Re2 85.Kc3 Re5
86.Rxe5 Nxe5 87.Nc4 Nc6 88.b4 Kb8 89.Nb6 Kc7 90.Kc4 Kd6 91.Na4 Ne5+ 92.Kd4 Nc6+
93.Kc3 Kd5 94.Nb6+ Kd6 95.Kb3 Nd4+ 96.Kb2 Nc6 97.c3 Kc7 98.Nd5+ Kd6 99.c4 Kd7
100.Kc3 Kd6 101.Nf6 Ke6 102.Ne4 Kd7 103.Nc5+ Kc7 104.Nb3 Kd6 105.Nd4 Nb8
106.Kd3 Ke5 107.Ke3 Nd7 108.Nf3+ Kd6 109.Kd4 Nf8 110.Ng5 Nd7 111.Nf7+ Kc7
112.Kd5 Nf6+ 113.Ke6 Ng4 114.Nd6 Ne3 115.b5 axb5 116.cxb5 Nc2 117.Nf5 Na3
118.Nd6 Nc2 119.Ke5 Ne1 120.Ne8+ Kc8 121.Kd6 Nd3 122.Nf6 Nb2 123.Kd5 Nd3
124.Kc4 Ne5+ 125.Kd4 Nf3+ 126.Kc5 Ne5 127.Nd5 Kb8 128.Nf6 Kc8 129.Kd5 Nd3
130.Nh5 Kc7 131.Kd4 Ne1 132.Nf6 Nf3+ 133.Kd5 Nd2 134.Ne8+ Kb8 135.Nd6 Nb3
136.Nc4 Ka7  1/2-1/2

[Event "ch-Reykjavik"]
[Site "Reykjavik ISL"]
[Date "2008.01.11"]
[Round "3"]
[White "Omarsson,D"]
[Black "Kristinsson,Bj"]
[Result "1-0"]
[WhiteElo "1999"]
[BlackElo "1822"]

1.e4 e6 2.d4 d5 3.Nc3 Nf6 4.e5 Ne4 5.Nxe4 dxe4 6.Bc4 c5 7.d5 exd5 8.Qxd5 Qxd5
9.Bxd5 Nd7 10.Bf4 f5 11.exf6 Nxf6 12.Bb3 b5 13.c3 c4 14.Bc2 Bc5 15.Ne2 O-O
16.O-O Bg4 17.Ng3 Rae8 18.Be3 Bxe3 19.fxe3 Nd5 20.Rxf8+ Kxf8 21.h3 Nxe3 22.Bxe4 Be2
23.Re1 Bd3 24.Rxe3 h5 25.Rf3+  1-0

[Event "6th Parsvnath Open"]
[Site "New Delhi IND"]
[Date "2008.01.13"]
[Round "2"]
[White "Md.,Ir"]
[Black "Rathnakaran,K"]
[Result "0-1"]
[WhiteElo "2120"]
[BlackElo "2437"]

1.e4 e6 2.d4 d5 3.Nc3 Nf6 4.e5 Nfd7 5.f4 c5 6.Nf3 Nc6 7.Ne2 b5 8.c3 Qb6 9.Be3 c4
10.g3 Be7 11.Bg2 a5 12.Qc2 b4 13.O-O Ba6 14.h4 Rb8 15.Kf2 Qb5 16.Rfb1 b3
17.axb3 cxb3 18.Qd1 Nb6 19.Nd2 a4 20.Bf1 Nc4 21.Nxc4 dxc4 22.Bg2 Rd8 23.Be4 Bb7
24.Qh1 Rd7 25.Rd1 Na5 26.d5 Rxd5 27.Nd4 Qd7 28.Bxd5 Bxd5 29.Qh3 Nb7 30.f5 Nc5
31.Qg4 g6 32.f6 Bf8 33.Kg1 Nd3 34.Rxd3 cxd3 35.Rd1 h5 36.Qf4 Bb7 37.Kh2 Qd5
38.Qf1 a3 39.Nxe6 Qxe6 40.Qxd3 Qd5 41.Qxd5 Bxd5 42.Rxd5 a2 43.Bb6 Be7 44.fxe7 a1=Q
45.Bc5 Qa8 46.Rd4 f5 47.e6 Qc8 48.Bb4 Rh7 49.Rd7 Qxd7 50.exd7+ Kxd7 51.Kg2 Rh8
52.Kf3 Ra8  0-1

[Event "ch-CUB"]
[Site "Santa Clara CUB"]
[Date "2008.01.14"]
[Round "7"]
[White "Corrales Jimenez,F"]
[Black "Borges Mateos,J"]
[Result "1/2-1/2"]
[WhiteElo "2509"]
[BlackElo "2448"]

1.e4 e6 2.d4 d5 3.Nc3 Nf6 4.e5 Nfd7 5.f4 c5 6.Nf3 Nc6 7.Be3 a6 8.Qd2 Be7
9.g3 b5 10.a3 Bb7 11.Bg2 g6 12.O-O Rc8 13.Ne2 Qc7 14.Qe1 a5 15.dxc5 Bxc5
16.Bxc5 Nxc5 17.g4 h5 18.gxh5 Qb6 19.Qf2 Rxh5 20.Rad1 b4 21.axb4 axb4 22.Rfe1 Ne7
23.Ng3 Rh8 24.Nd4 Na4 25.Rb1 Ba6 26.Red1 Nc6 27.Rd2 Nxd4 28.Qxd4 Bb5 29.Kh1 Bd7
30.Ne4 Kf8 31.Nf6 Bc6 32.Qd3 Nc5 33.Qe3 Rb8 34.f5 exf5 35.Nxd5 Bxd5 36.Rxd5 Ne6
37.Qd2 Kg7 38.Rd6 Qc5 39.Bd5 Qd4 40.Qxd4 Nxd4 41.Rd7 Rhf8 42.e6 Nxc2 43.Bb3 Ne3
44.Ra1 Rbc8 45.h3 Nc4 46.Raa7 Ne5 47.Rd5 Nc6 48.Rad7 Ra8 49.Rc7 Ra1+ 50.Kg2 Na5
51.e7 Re8 52.Rd8 Rxe7 53.Rxe7 Nxb3 54.Rdd7 Nc5 55.Rxf7+ Kh6 56.Rd2 Rb1 57.Rc7 Na4
58.Rc4 Rxb2 59.Rxb2 Nxb2 60.Rxb4 Nd3 61.Rb6 Nf4+ 62.Kg3 Nh5+ 63.Kf3 Kg5 64.h4+ Kh6
65.Ke3 Ng3 66.Kf4 Ne4 67.Rb8 Nf6 68.Rh8+ Kg7 69.Ra8 Kh6 70.Ke5 Ng4+ 71.Ke6 f4
72.Kf7 Ne5+ 73.Ke6 Ng4 74.Rf8 Kh5 75.Rxf4 Kxh4 76.Ra4 Kg5 77.Ra5+ Kf4 78.Ra4+ Kg5
79.Rb4 Kh5 80.Kd5 g5 81.Ke4 Nh6 82.Kf3 Nf5 83.Rb8 Kg6 84.Rg8+ Kf6 85.Rf8+ Kg6
86.Ke4 Nh6 87.Rf1 Ng4 88.Rg1 Nh6 89.Ra1 Kg7 90.Ra5 Kg6 91.Ra6+ Kh5 92.Ke5 Nf7+
93.Ke6 Nh6 94.Kf6 Ng4+ 95.Kg7 Ne5 96.Ra5 Nf3 97.Kf6 Kh4 98.Kf5 g4 99.Ra4 Nh2
100.Kf4 g3 101.Ra8 Kh3 102.Ra1 Nf1 103.Ra3 Kg2 104.Rb3 Kh3 105.Rb8 Kg2 106.Rb1 Kh3
107.Rxf1  1/2-1/2

[Event "6th Parsvnath Open"]
[Site "New Delhi IND"]
[Date "2008.01.17"]
[Round "7"]
[White "Kiran,M"]
[Black "Girinath,P"]
[Result "1/2-1/2"]
[WhiteElo "2270"]
[BlackElo "2430"]

1.e4 e6 2.d4 d5 3.Nc3 Nf6 4.e5 Nfd7 5.Nce2 c5 6.c3 cxd4 7.cxd4 f6 8.f4 fxe5
9.fxe5 Bb4+ 10.Kf2 O-O+ 11.Nf3 Qh4+ 12.Ng3 Nc6 13.Be3 Nb6 14.Kg1 Qg4 15.a3 Be7
16.b3 a5 17.Bd3 a4 18.b4 Nc4 19.Bf2 Kh8 20.Qc2 Nxa3 21.Rxa3 Nxb4 22.Qc7 Nc6
23.Ra2 Bd8 24.Qd6 Be7 25.Qc7 Bd8 26.Qd6  1/2-1/2

[Event "Open A"]
[Site "Prague CZE"]
[Date "2008.01.18"]
[Round "9"]
[White "Janko,Z"]
[Black "Khantuev,A"]
[Result "0-1"]
[WhiteElo "2241"]
[BlackElo "2324"]

1.e4 e6 2.d4 d5 3.Nc3 Nf6 4.e5 Nfd7 5.f4 c5 6.Nf3 a6 7.Be3 Qb6 8.Na4 Qa5+
9.c3 cxd4 10.b4 Qc7 11.Bxd4 Nc6 12.Nb2 Be7 13.g3 a5 14.b5 Nxd4 15.Qxd4 b6
16.Nd3 Bb7 17.Rc1 Qc4 18.a4 Rc8 19.Bh3 Qa2 20.f5 Rc4 21.fxe6 fxe6 22.Qf2 Re4+
23.Kd1 Qxa4+ 24.Kd2 Nc5 25.Nd4 Rxd4  0-1

[Event "6th Parsvnath Open"]
[Site "New Delhi IND"]
[Date "2008.01.19"]
[Round "9"]
[White "Shyam,N"]
[Black "Girinath,P"]
[Result "1/2-1/2"]
[WhiteElo "2301"]
[BlackElo "2430"]

1.e4 e6 2.d4 d5 3.Nc3 Nf6 4.e5 Nfd7 5.Nce2 c5 6.c3 cxd4 7.cxd4 f6 8.Nf4 Bb4+
9.Bd2 Qb6 10.Bxb4 Qxb4+ 11.Qd2 Qxd2+ 12.Kxd2 Ke7 13.exf6+ gxf6 14.Re1 Nb6
15.Nf3 Kd6 16.b3 Bd7 17.Nh5 Rf8 18.Bd3 Nc6 19.Bxh7 e5 20.Nxf6 Rxf6 21.dxe5+ Nxe5
22.Nxe5 Rxf2+ 23.Kc1 Rxg2 24.Kb1 Rf8 25.h4 Rff2 26.h5 Rxa2 27.Nd3 a5 28.Rhg1 a4
29.Rxg2 Rxg2 30.bxa4 Nxa4 31.Rh1 Nc3+ 32.Kc1 Ne2+ 33.Kb1 Nc3+ 34.Kc1 Ne2+  1/2-1/2

[Event "115th ch-NZL"]
[Site "Auckland NZL"]
[Date "2008.01.21"]
[Round "9"]
[White "Fuatai,F"]
[Black "Hart,R"]
[Result "0-1"]
[WhiteElo "2087"]
[BlackElo "2174"]

1.e4 e6 2.d4 d5 3.Nc3 Nf6 4.e5 Nfd7 5.f4 c5 6.Nf3 Nc6 7.Be3 Rb8 8.a3 a6 9.Be2 b5
10.O-O cxd4 11.Nxd4 Nxd4 12.Bxd4 Bc5 13.Bxc5 Nxc5 14.b4 Qc7 15.Kh1 Nd7 16.Rf3 O-O
17.Bd3 g6 18.Ne2 Qb6 19.h4 f6 20.h5 fxe5 21.fxe5 Rxf3 22.gxf3 Qe3 23.f4 Qf3+
24.Kg1 Qg4+ 25.Kf2 Qxh5 26.Ng3 Qh2+ 27.Kf3 Bb7 28.Qe2 d4+ 29.Be4 Nxe5+ 30.fxe5 Rf8+  0-1

[Event "ch-Reykjavik"]
[Site "Reykjavik ISL"]
[Date "2008.01.23"]
[Round "8"]
[White "Omarsson,D"]
[Black "Thorgeirsson,S"]
[Result "1-0"]
[WhiteElo "1999"]
[BlackElo "2120"]

1.e4 e6 2.d4 d5 3.Nc3 Nf6 4.e5 Nfd7 5.f4 c5 6.Nf3 Nc6 7.Be3 cxd4 8.Nxd4 Bc5
9.Qd2 a6 10.O-O-O O-O 11.Nb3 Bxe3 12.Qxe3 b5 13.Bd3 Nb6 14.Qh3 g6 15.Qh6 Qe7
16.h4 f5 17.h5 g5 18.g4 fxg4 19.fxg5 Nxe5 20.g6 Nxd3+ 21.Rxd3 Qg7 22.gxh7+ Kh8
23.Qxg7+ Kxg7 24.Rg1 Nc4 25.Rxg4+ Kxh7 26.Rdg3 Ra7 27.Rg1 Raf7 28.Rd4 Kh6
29.Nd2 Nxd2 30.Rxd2 Rf1+ 31.Rd1 Rxd1+ 32.Kxd1 Kxh5 33.Ke2 Rd8 34.Rg7 Kh6
35.Rg1 e5 36.Nd1 Be6 37.Ne3 Kh5 38.c3 d4 39.cxd4 exd4 40.Ng2 Bc4+ 41.Kd2 Rf8
42.a3 Rf2+ 43.Kc1 Bd5 44.Ne1 Be4 45.Rg8 Re2 46.Kd1 Rxb2 47.Rd8 d3 48.Nxd3 Ra2
49.Nc5 Bf3+ 50.Kc1 Rxa3 51.Rd3 Rxd3 52.Nxd3 Bb7 53.Kb2 Kg5 54.Nc5 Bc8 55.Ka3 Kf5
56.Kb4 Ke5 57.Na4 Kd6 58.Nb2 Kc6 59.Na4 Bf5 60.Ka5 Bc2 61.Nb6  1-0

[Event "Kots Mem"]
[Site "Donetsk UKR"]
[Date "2008.01.28"]
[Round "11"]
[White "Demkovich,A"]
[Black "Polivanov,A"]
[Result "1/2-1/2"]
[WhiteElo "2381"]
[BlackElo "2391"]

1.e4 e6 2.d4 d5 3.Nc3 Nf6 4.e5 Nfd7 5.Nf3 c5 6.dxc5 Nc6 7.Bf4 Bxc5 8.Bd3 f6
9.exf6 Nxf6 10.O-O O-O 11.a3 Nh5 12.Be3 Be7 13.Nd4 Nf4 14.Bxf4 Rxf4 15.Nde2 Rh4
16.Qe1 Ne5 17.Rd1 Bd6 18.f4 Ng4 19.h3 Ne3 20.Nd4 Nxf1 21.Nxe6 Bxe6 22.Qxe6+ Kh8
23.Rxf1 Rh6 24.Qxd5 Qb6+ 25.Kh1 Qe3 26.Qf3 Qxf3 27.Rxf3 Rf8 28.Nd5 g5 29.f5 g4
30.Re3 Bc5 31.Re6 Rxe6 32.fxe6 g3 33.b4 Bd6 34.Kg1 Re8 35.Bf5 a5 36.Bg4 axb4
37.axb4 h5 38.Bxh5 Rxe6 39.Kf1 Re5 40.Bf3 Re6 41.c4 b6 42.Be2 Re5 43.Bf3 Kg7
44.Nf4 Kh6 45.b5 Rxb5 46.cxb5 Bxf4  1/2-1/2

[Event "13th HIT Open A"]
[Site "Nova Gorica SLO"]
[Date "2008.01.28"]
[Round "4"]
[White "Drazic,S"]
[Black "Erdos,V"]
[Result "1/2-1/2"]
[WhiteElo "2489"]
[BlackElo "2575"]

1.e4 e6 2.d4 d5 3.Nc3 Nf6 4.e5 Nfd7 5.Nce2 c5 6.c3 cxd4 7.cxd4 f6 8.Nf4 Bb4+
9.Bd2 Qb6 10.Bxb4 Qxb4+ 11.Qd2 Qxd2+ 12.Kxd2 Ke7 13.exf6+ gxf6 14.Nf3 Kd6
15.Nh5 Rf8 16.Rc1 Nb6 17.b3 Bd7 18.a4 a6 19.Bd3 Nc6 20.Ng3 Rf7 21.Ne2 Rg8
22.Ne1 e5 23.f3 Na8 24.g3 Nc7 25.Nc2 h5 26.Rcd1 Bh3 27.Ke3 Ne6 28.Kf2 Ng5
29.b4 Be6 30.b5 axb5 31.axb5 Na5 32.Ne3 e4 33.fxe4 dxe4 34.Bb1 Nh3+ 35.Kg2 f5
36.Ba2 Ng5 37.Bxe6 Nxe6 38.d5 Ng5 39.h4 Nf3 40.Nf4 Ne5 41.Kh3 Ng4 42.Nxg4 fxg4+
43.Kg2 Rf5 44.Rhe1 Re8 45.Rd4 Rfe5 46.Rb4 b6 47.Rc1 e3 48.Rb2 e2 49.Re1 Nc4
50.Ra2 Ne3+ 51.Kf2 Nd1+ 52.Kg2 Nc3 53.Kf2 Nd1+ 54.Kg2 Nc3 55.Rc2 Re3 56.Nxh5 Rd3
57.Nf4 Rd1 58.Kf2 Ne4+ 59.Kxe2 Nc3+ 60.Kf2 Rexe1 61.Rxc3 Rf1+ 62.Ke2 Rfe1+
63.Kf2 Rf1+ 64.Ke2 Rde1+ 65.Kd2 Rd1+  1/2-1/2

[Event "6th Gibtelecom Masters"]
[Site "Gibraltar ENG"]
[Date "2008.01.31"]
[Round "10"]
[White "Hammer,J"]
[Black "Ly,M"]
[Result "1-0"]
[WhiteElo "2441"]
[BlackElo "2319"]

1.e4 e6 2.d4 d5 3.Nc3 Nf6 4.e5 Nfd7 5.f4 c5 6.Nf3 Nc6 7.Be3 Be7 8.Qd2 O-O
9.dxc5 Bxc5 10.Bxc5 Nxc5 11.O-O-O f6 12.exf6 Qxf6 13.g3 h6 14.Qe3 b6 15.Bh3 Bb7
16.Rhe1 Rae8 17.Nd4 Nxd4 18.Qxd4 Ne4 19.Nxe4 dxe4 20.Qa4 e5 21.Qxa7 Bc6 22.fxe5 Rxe5
23.Qxb6 e3 24.Rf1 e2 25.Rxf6 exd1=Q+ 26.Kxd1 Rxf6 27.Qb8+ Re8 28.Qc7 Bf3+
29.Kd2 Rc6 30.Qd7 Re5 31.c4 Re2+ 32.Kc3 Re1 33.Qd8+ Kf7 34.Qd7+ Re7 35.Qd4 Rf6
36.a4 g5 37.a5 Re4 38.Qd7+ Re7 39.Qd4 Re4 40.Qc5 g4 41.Bf1 Re7 42.Bd3 Rc6
43.Qf5+ Rf6 44.Qh7+ Ke6 45.Qg8+ Ke5 46.Qb8+ Ke6 47.b4 Kf7 48.b5 Be2 49.Bxe2 Rxe2
50.a6  1-0

[Event "4th Open C Women"]
[Site "Moscow RUS"]
[Date "2008.02.03"]
[Round "2"]
[White "Severiukhina,Z"]
[Black "Matveeva,S"]
[Result "1-0"]
[WhiteElo "2199"]
[BlackElo "2433"]

1.e4 e6 2.d4 d5 3.Nc3 Nf6 4.e5 Nfd7 5.f4 c5 6.Nf3 Nc6 7.Be3 a6 8.Qd2 b5 9.a3 Bb7
10.Be2 Be7 11.O-O Qc7 12.Kh1 O-O 13.Rae1 Rac8 14.Bd3 f5 15.exf6 Bxf6 16.Bg1 cxd4
17.Ne2 e5 18.fxe5 Ndxe5 19.Nxe5 Bxe5 20.Qg5 Qd6 21.Qh4 Qh6 22.Qxh6 gxh6 23.Bf5 Rcd8
24.Nc1 Bc8 25.Bxc8 Rxc8 26.Nd3 Rxf1 27.Rxf1 Bg7 28.Nc5 a5 29.Nd7 Rd8 30.Nf6+ Kh8
31.Nh5 Be5 32.Rf5 Kg8 33.Nf6+ Kg7 34.Nh5+ Kg6 35.g4 Re8 36.h4 Re7 37.Rf8 Rf7
38.Rg8+ Bg7 39.Kg2 a4 40.Kg3 Ne7 41.Rxg7+ Rxg7 42.Nxg7 Kxg7 43.Bxd4+ Kf7
44.h5 Nc6 45.Be3 Kg7 46.Kf4 Kf6 47.Bc5 Nd8 48.Bd4+ Ke6 49.Bg7 Nf7 50.Ke3 Kd6
51.Kd4 Kc6 52.Bf8 Ng5 53.Bxh6 Nf3+ 54.Ke3 Ne5 55.Kf4 d4 56.Kxe5  1-0

[Event "4th Open A"]
[Site "Moscow RUS"]
[Date "2008.02.04"]
[Round "3"]
[White "Musaev,M"]
[Black "Markevich,A"]
[Result "1-0"]
[WhiteElo "2303"]
[BlackElo "2054"]

1.e4 e6 2.d4 d5 3.Nc3 Nf6 4.e5 Ne4 5.Nce2 f5 6.h4 Be7 7.g3 c5 8.f3 Nxg3 9.Nxg3 Bxh4
10.Ne2 Nc6 11.c3 Bd7 12.Be3 g5 13.Bf2 h5 14.f4 g4 15.dxc5 Qe7 16.Qd3 O-O-O
17.b4 Rdf8 18.b5 Nxe5 19.fxe5 f4 20.c6 bxc6 21.bxc6 Bxc6 22.Rxh4 Qxh4 23.Qa6+ Bb7
24.Qxe6+ Kb8 25.Qd6+ Ka8 26.Qc5 d4 27.Qxd4 Kb8 28.Qxa7+ Kc8 29.Nf5 Qxf2+
30.Kxf2 Rxf5 31.Qc5+ Kb8 32.Nd4 g3+ 33.Ke1  1-0

[Event "4th Open A"]
[Site "Moscow RUS"]
[Date "2008.02.06"]
[Round "5"]
[White "Pichugin,An"]
[Black "Ozolin,M"]
[Result "1-0"]
[WhiteElo "2176"]
[BlackElo "2387"]

1.e4 e6 2.d4 d5 3.Nc3 Nf6 4.e5 Nfd7 5.f4 c5 6.Nf3 Nc6 7.Be3 a6 8.Be2 b5 9.O-O Qb6
10.Kh1 cxd4 11.Bxd4 Nxd4 12.Nxd4 Bc5 13.Nf3 Bb7 14.Bd3 f5 15.exf6 Nxf6 16.Ng5 O-O
17.Qe2 Rae8 18.Rae1 Bc8 19.Nf3 Qc7 20.Ne5 g6 21.Rf3 Qg7 22.Bxg6 hxg6 23.Rg3 Kh7
24.Qd3 Ne4 25.Nxe4 dxe4 26.Qxe4 Bb7 27.Qd3 Rf6 28.Nxg6 Rxg6 29.Re5 Be4 30.Qxe4 Rd8
31.h4 Qh6 32.h5 Rg8 33.Rxg6  1-0

[Event "4th Open C Women"]
[Site "Moscow RUS"]
[Date "2008.02.06"]
[Round "5"]
[White "Manakova,M"]
[Black "Danielian,E"]
[Result "1/2-1/2"]
[WhiteElo "2331"]
[BlackElo "2480"]

1.e4 e6 2.d4 d5 3.Nc3 Nf6 4.e5 Nfd7 5.f4 c5 6.Nf3 Nc6 7.Ne2 Qb6 8.c3 f6 9.g3 cxd4
10.cxd4 Bb4+ 11.Nc3 O-O 12.a3 Be7 13.Bh3 fxe5 14.Bxe6+ Kh8 15.Nxd5 Qd8 16.Nxe7 Qxe7
17.d5 exf4 18.O-O fxg3 19.hxg3 Nce5 20.Ng5 Rxf1+ 21.Qxf1 Nf8 22.Qf5 Bxe6
23.dxe6 Nfg6 24.Bf4 Rf8 25.Qe4 Ng4 26.Rc1 Nf6 27.Qb4 Qxb4 28.axb4 Re8 29.Re1 Nxf4
30.gxf4 g6 31.Nf7+ Kg8 32.Nd6 Rd8 33.Nb5 Rd4 34.f5 gxf5 35.Rc1 Rxb4 36.Nd6 Rxb2  1/2-1/2

[Event "4th Open C Women"]
[Site "Moscow RUS"]
[Date "2008.02.07"]
[Round "6"]
[White "Girya,O"]
[Black "Matveeva,S"]
[Result "1-0"]
[WhiteElo "2342"]
[BlackElo "2433"]

1.e4 e6 2.d4 d5 3.Nc3 Nf6 4.e5 Nfd7 5.f4 c5 6.Nf3 Nc6 7.Be3 a6 8.Qd2 b5 9.dxc5 Bxc5
10.Bxc5 Nxc5 11.Nd4 Bb7 12.a3 Qb6 13.Nxc6 Qxc6 14.Qd4 Ne4 15.Bd3 Nxc3 16.bxc3 Rc8
17.Kd2 O-O 18.h4 Rc7 19.h5 Rfc8 20.h6 g6 21.a4 Qxc3+ 22.Qxc3 Rxc3 23.axb5 axb5
24.Rhb1 d4 25.g3 Bc6 26.Rb4 Be8 27.Ra7 Kf8 28.Rxd4 R3c7 29.Rxc7 Rxc7 30.Rd8 Ke7
31.Rb8 Rc5 32.Kc1 Rd5 33.Kb2 Rd4 34.Kc3 Rd5 35.Kb3 Rc5 36.Kb4 Rd5 37.Rb7+ Kf8
38.Bxb5 Bxb5 39.Rxb5 Rd2 40.c4 Rg2 41.c5 Rxg3 42.c6 Ke7 43.Rb8  1-0

[Event "Velammal 45th National A ch-IND"]
[Site "Chennai IND"]
[Date "2008.02.10"]
[Round "8"]
[White "Satyapragyan,S"]
[Black "Rathnakaran,K"]
[Result "0-1"]
[WhiteElo "2406"]
[BlackElo "2437"]

1.e4 e6 2.d4 d5 3.Nc3 Nf6 4.e5 Nfd7 5.f4 c5 6.Nf3 Nc6 7.Be3 a6 8.Qd2 b5 9.dxc5 Bxc5
10.Ne2 Qb6 11.Bxc5 Nxc5 12.Ned4 Ne4 13.Qe3 f5 14.Bd3 Qc5 15.O-O g5 16.c3 gxf4
17.Qxf4 Ra7 18.Kh1 Rg7 19.Nxc6 Qxc6 20.Nd4 Qc7 21.Be2 h5 22.a4 bxa4 23.Rxa4 h4
24.Bxa6 Ng3+ 25.Kg1 Nxf1 26.Bxf1 Rg4 27.Qe3 O-O 28.Be2 f4 29.Qh3 Rg7 30.Bg4 Qxe5
31.Bxe6+ Kh8 32.Ra1 f3 33.Qxh4+ Rh7 34.Nxf3 Qe3+ 35.Qf2 Qxf2+ 36.Kxf2 Bxe6
37.Ke3 Bf5 38.g3 Re7+ 39.Kd4 Re2  0-1

[Event "10th TCh-Euro sen"]
[Site "Dresden GER"]
[Date "2008.02.14"]
[Round "4"]
[White "Olesen,P"]
[Black "Ashby,Ant"]
[Result "0-1"]
[WhiteElo "2067"]
[BlackElo "2166"]

1.e4 e6 2.d4 d5 3.Nc3 Nf6 4.e5 Nfd7 5.f4 c5 6.Nf3 Nc6 7.Ne2 f6 8.c3 Qb6 9.Qc2 Be7
10.Bd2 a5 11.g3 cxd4 12.cxd4 O-O 13.Bh3 fxe5 14.Bxe6+ Kh8 15.Bxd7 Bxd7 16.Nxe5 Nxe5
17.fxe5 Bg4 18.Bc3 Bg5 19.Rf1 Rxf1+ 20.Kxf1 Qa6 21.Kf2 Qh6 22.h4 Rf8+ 23.Kg2 Bxh4
24.gxh4 Qxh4 25.Ng1 Bf5 26.Rf1 Be4+ 27.Rf3 Rxf3 28.Nxf3 Qg4+  0-1

[Event "10th TCh-Euro sen"]
[Site "Dresden GER"]
[Date "2008.02.16"]
[Round "6"]
[White "Petzold,Ha"]
[Black "Wood,P"]
[Result "1-0"]
[WhiteElo "2155"]
[BlackElo "1942"]

1.e4 e6 2.d4 d5 3.Nc3 Nf6 4.e5 Nfd7 5.f4 c5 6.Nf3 Nc6 7.Be3 cxd4 8.Nxd4 Nxd4
9.Bxd4 Bc5 10.Bxc5 Nxc5 11.Qg4 O-O 12.O-O-O Qb6 13.Bd3 Nxd3+ 14.Rxd3 Bd7
15.Rg3 g6 16.h4 Bc6 17.h5 Rae8 18.hxg6 fxg6 19.Rxh7  1-0

[Event "10th TCh-Euro sen"]
[Site "Dresden GER"]
[Date "2008.02.17"]
[Round "7"]
[White "Simon Padros,E"]
[Black "Pushkov,N"]
[Result "1/2-1/2"]
[WhiteElo "2251"]
[BlackElo "2513"]

1.e4 e6 2.d4 d5 3.Nc3 Nf6 4.e5 Nfd7 5.f4 c5 6.Nf3 a6 7.Be3 Qb6 8.Na4 Qc7
9.Nxc5 Nxc5 10.dxc5 Bxc5 11.Bxc5 Qxc5 12.Qd2 Bd7 13.c3 Nc6 14.Qf2 Qxf2+ 15.Kxf2 O-O
16.g3 f6 17.exf6 gxf6 18.Bh3 Rad8 19.Rad1 e5 20.Bxd7 Rxd7 21.Rhe1 Re8 22.Re2 Kf7
23.Rde1 e4 24.Nh4 b5 25.Nf5 b4 26.c4 dxc4 27.Rxe4 Rd2+ 28.R4e2 Rexe2+ 29.Rxe2 Rxe2+
30.Kxe2 Ke6 31.g4 Kd5 32.Ke3 a5 33.b3 cxb3 34.axb3 a4 35.bxa4 Kc4 36.Nd6+ Kb3
37.Ne4 Kxa4 38.Kd3 Ka3 39.Nc5 b3 40.Nxb3 Kxb3 41.Ke4 Ne7 42.g5 fxg5 43.fxg5 Kc4
44.Ke5 Ng6+ 45.Kf6 Nh4  1/2-1/2

[Event "Aeroflot Open A2"]
[Site "Moscow RUS"]
[Date "2008.02.21"]
[Round "8"]
[White "Shaposhnikov,E"]
[Black "Maslak,K"]
[Result "1/2-1/2"]
[WhiteElo "2537"]
[BlackElo "2510"]

1.e4 e6 2.d4 d5 3.Nc3 Nf6 4.e5 Nfd7 5.f4 c5 6.Nf3 Nc6 7.Be3 cxd4 8.Nxd4 Bc5
9.Qd2 Nxd4 10.Bxd4 Bxd4 11.Qxd4 Qb6 12.O-O-O Qxd4 13.Rxd4 a6 14.h4  1/2-1/2

[Event "25th Festival Open A"]
[Site "Bled SLO"]
[Date "2008.02.23"]
[Round "1"]
[White "Sedlak,N"]
[Black "Plenca,J"]
[Result "1-0"]
[WhiteElo "2568"]
[BlackElo "2256"]

1.e4 e6 2.d4 d5 3.Nc3 Nf6 4.e5 Nfd7 5.f4 c5 6.Nf3 Nc6 7.Be3 Be7 8.Qd2 O-O
9.Be2 a6 10.O-O b5 11.Nd1 cxd4 12.Nxd4 Nxd4 13.Bxd4 Nc5 14.Nf2 Ne4 15.Qe3 Qc7
16.Bd3 Nc5 17.Ng4 Nxd3 18.cxd3 Bd7 19.Rac1 Qd8 20.Bb6 Qe8 21.d4 h5 22.Nf2 f6
23.exf6 Rxf6 24.Nd3 b4 25.Ne5 Bd6 26.Bc7 Bxe5 27.Bxe5 Rf7 28.Rc5 Bb5 29.Rfc1 Rd7
30.Qg3 Kh7 31.Rc7 Rad8 32.Bxg7 Qg6 33.Qxg6+ Kxg6 34.Be5 Bd3 35.Kf2 Kf5 36.g3 Bc4
37.b3 Bd3 38.Ke3 Be4 39.h3 Bg2 40.Rxd7 Rxd7 41.Rc8 Kg6 42.Rg8+ Kh7 43.Rg5 Kh6
44.g4 hxg4 45.hxg4 Rd8 46.Bg7+ Kh7 47.f5 Be4 48.Bf6 Re8 49.Kf4 exf5 50.gxf5 Kh6
51.Rg6+ Kh7 52.Rg7+ Kh6 53.Rg3 Kh7 54.Rh3+ Kg8 55.Kg5 Bb1 56.Kg6  1-0

[Event "XI Open"]
[Site "Malaga ESP"]
[Date "2008.02.23"]
[Round "1"]
[White "Rivas Pastor,M"]
[Black "Jimenez Ruiz,J"]
[Result "1-0"]
[WhiteElo "2505"]
[BlackElo "2021"]

1.e4 e6 2.d4 d5 3.Nc3 Nf6 4.e5 Nfd7 5.f4 c5 6.Nf3 Nc6 7.Be3 a6 8.a3 cxd4
9.Nxd4 Bc5 10.Be2 O-O 11.O-O Bxd4 12.Bxd4 Nxd4 13.Qxd4 Qb6 14.Rfd1 f6 15.exf6 Qxd4+
16.Rxd4 Nxf6 17.Re1 Bd7 18.g4 Rac8 19.g5 Ne8 20.Bg4 Nc7 21.Re2 Rcd8 22.Kg2 Bc8
23.Kg3 Rd6 24.Nd1 Nb5 25.Rdd2 Rc6 26.Nf2 Nd6 27.Rd4 Nb5 28.Rdd2 Nd6 29.c3 Nc4
30.Rd4 Rb6 31.Nd3 Re8 32.a4 Kf7 33.b4 a5 34.b5 Rd6 35.Ne5+ Nxe5 36.Rxe5 Rdd8
37.Bh5+ g6 38.Bf3 Bd7 39.c4 Rc8 40.cxd5 Rc3 41.Kf2 Rc2+ 42.Ke3 Rec8 43.Bg4  1-0

[Event "XI Open"]
[Site "Malaga ESP"]
[Date "2008.02.23"]
[Round "1"]
[White "Garrido Fernandez,J"]
[Black "Matamoros Franco,C"]
[Result "0-1"]
[WhiteElo "2048"]
[BlackElo "2529"]

1.e4 e6 2.d4 d5 3.Nc3 Nf6 4.e5 Nfd7 5.Nf3 c5 6.dxc5 Nc6 7.Bf4 Bxc5 8.Bd3 f6
9.Qe2 O-O 10.O-O fxe5 11.Bxh7+ Kxh7 12.Ng5+ Kg8 13.Nxe6 Nd4 14.Qg4 Nxe6 15.Qxe6+ Rf7
16.Bg3 d4 17.Ne4 Nf6 18.Qxe5 Nxe4 19.Qxe4 Bf5 20.Qe5 Qe7 21.Qd5 Bxc2 22.Rfe1 Qf8
23.Re5 Bb6 24.Rh5 Qd8 25.Qe6 Qd7 26.Qc4 Rc8 27.Qb4 Rf5 28.Rh3 Ba5  0-1

[Event "4th Rectors Cup"]
[Site "Belgorod RUS"]
[Date "2008.02.26"]
[Round "2"]
[White "Danin,A"]
[Black "Grigoryan,Av"]
[Result "1/2-1/2"]
[WhiteElo "2480"]
[BlackElo "2509"]

1.e4 e6 2.d4 d5 3.Nc3 Nf6 4.e5 Nfd7 5.f4 c5 6.Nf3 Nc6 7.Be3 Be7 8.Qd2 O-O
9.Be2 cxd4 10.Nxd4 Nxd4 11.Bxd4 Nb8 12.Be3 Nc6 13.Nb5 Bd7 14.O-O Rc8 15.Rad1 a6
16.Nd6 Bxd6 17.exd6 b5 18.b3 Na5 19.f5 exf5 20.Bf3 Be6 21.Bf4 Qb6+ 22.Be3 Qd8
23.Bf4 Qb6+  1/2-1/2

[Event "XI Open"]
[Site "Malaga ESP"]
[Date "2008.02.27"]
[Round "6"]
[White "Doric,D"]
[Black "Lasinskas,P"]
[Result "1/2-1/2"]
[WhiteElo "2465"]
[BlackElo "2265"]

1.d4 e6 2.e4 d5 3.Nc3 Nf6 4.e5 Ne4 5.Nxe4 dxe4 6.Be3 c5 7.dxc5 Nd7 8.Qd4 Bxc5
9.Qxe4 Bxe3 10.Qxe3 Qa5+ 11.c3 Qxe5 12.Qxe5 Nxe5 13.f4 Ng4 14.Be2 Ne3 15.Kf2 Nd5
16.g3 Bd7 17.Nf3 Ke7 18.Ne5 Rhd8 19.Nxd7 Rxd7 20.Rhd1 Rad8 21.Rac1 Nf6 22.Rxd7+ Rxd7
23.Rc2 a6 24.c4 Kd8 25.Ke3 Kc7 26.Bf3 Ne8 27.Rd2 Rxd2 28.Kxd2 b6 29.b4 Kd7
30.Be4 Kd6 31.Kd3 f5 32.Bf3 e5 33.fxe5+ Kxe5 34.c5 bxc5 35.bxc5 g6 36.Kc4 Nc7
37.a4 g5 38.h3 Kf6 39.Kd4 Ke6 40.Be2 Kf6 41.Bc4 h6 42.h4 f4 43.gxf4 gxf4
44.Bf1 Kf5 45.c6  1/2-1/2

[Event "4th Rectors Cup"]
[Site "Belgorod RUS"]
[Date "2008.02.28"]
[Round "4"]
[White "Solodovnichenko,Y"]
[Black "Grigoryan,Av"]
[Result "0-1"]
[WhiteElo "2541"]
[BlackElo "2509"]

1.e4 e6 2.d4 d5 3.Nc3 Nf6 4.e5 Nfd7 5.f4 c5 6.Nf3 Nc6 7.Be3 Be7 8.Qd2 O-O
9.dxc5 Bxc5 10.O-O-O Qa5 11.Bxc5 Nxc5 12.Kb1 Bd7 13.h4 Rfd8 14.Rh3 Be8 15.Nd4 Rac8
16.Nb3 Nxb3 17.cxb3 f6 18.exf6 Nb4 19.f5 d4 20.Qg5 Rc7 21.f7+ Rxf7 22.a3 Nc6
23.fxe6 Rf5 24.b4 dxc3  0-1